The Legend of the bluebonnet : (Record no. 113581)
[ view plain ]
| 000 -LEADER | |
|---|---|
| fixed length control field | 00475nam a2200157 a 4500 |
| 001 - CONTROL NUMBER | |
| control field | 4111 |
| 005 - DATE AND TIME OF LATEST TRANSACTION | |
| control field | 20140414132029.0 |
| 008 - FIXED-LENGTH DATA ELEMENTS--GENERAL INFORMATION | |
| fixed length control field | 090202s19uu xx 00 eng d |
| 020 ## - INTERNATIONAL STANDARD BOOK NUMBER | |
| International Standard Book Number | 0-590-42603-6 |
| 050 ## - LIBRARY OF CONGRESS CALL NUMBER | |
| Classification number | TR |
| Item number | L52 1983 |
| 100 ## - MAIN ENTRY--PERSONAL NAME | |
| Personal name | DePaola, Tomie |
| 245 ## - TITLE STATEMENT | |
| Title | The Legend of the bluebonnet : |
| Remainder of title | an old tale of Texas / |
| Statement of responsibility, etc | retold and illustrated by Tomie DePaola. |
| 260 ## - PUBLICATION, DISTRIBUTION, ETC. (IMPRINT) | |
| Place of publication, distribution, etc | New York : |
| Name of publisher, distributor, etc | Scholastic, |
| Date of publication, distribution, etc | c1983. |
| 300 ## - PHYSICAL DESCRIPTION | |
| Extent | 1 v. (unpaged) : col., ill. ; |
| Withdrawn status | Lost status | Damaged status | Use restrictions | Home library | Current library | Shelving location | Date acquired | Source of acquisition | Cost, normal purchase price | Total Checkouts | Full call number | Barcode | Date last seen | Price effective from | Koha item type |
|---|---|---|---|---|---|---|---|---|---|---|---|---|---|---|---|
| Munich Library | Munich Library | Teachers Reference Section | 02/02/2009 | 145.00 | TR L52 1983 | M5172 | 04/14/2014 | 04/14/2014 | Books |